| 000 | 00573nam a2200193Ia 4500 | ||
|---|---|---|---|
| 003 | GCL | ||
| 008 | 140319s9999 xx 000 0 ara d | ||
| 040 |
_aGCL / _cGCL |
||
| 082 | 0 | 4 |
_a823.01 _bا ا |
| 100 | 1 | _aاوريل , جورج | |
| 245 | 1 | 0 |
_aاسطورة الحيوانات الثائرة / _cاوريل , جورج |
| 700 | 1 | _aعباس حافظ | |
| 300 | _a192 ص | ||
| 490 | _a | ||
| 650 | 0 | 4 | _aالقصص الانجليزية |
| 650 | 0 | 4 | _aالادب الانجليزى المترجم |
| 650 | 0 | 4 | _aالادب العالمى المترجم |
| 942 |
_2ddc _cBK |
||
| 999 |
_c42383 _d42383 |
||